000 00685cam a2200253 a 4500
999 _c8722
_d8722
001 8722
003 BD-JhCC
005 20180301174652.0
008 810820s1961 enk b 00100 eng d
020 _a0194167186
035 _a(BD-JhCC)8722
035 _a746480
040 _aANL
_dSL
_dBD-JhCC
041 _aeng
082 0 _a808.042
_219
_bWAR 1961
100 1 _aWarner, Alan,
245 1 2 _aA short guide to English style /
_cAlan Warner.
260 _aLondon :
_bOxford University Press,
_c1961.
300 _aviii, 198 p. ;
_c22 cm.
504 _aIncludes bibliography (p. [193]) and index.
650 0 _aEnglish language
_xStyle.
942 _2ddc
_cBK